Antología de la obra poética / (Record no. 93898)

MARC details
000 -LEADER
campo de control de longitud fija 00707nam a2200217 i 4500
001 - NÚMERO DE CONTROL
campo de control 93898
003 - IDENTIFICADOR DE NÚMERO DE CONTROL
campo de control ES-MaACL
005 - FECHA Y HORA DE LA ÚLTIMA TRANSACCIÓN
campo de control 20240514182432.0
007 - CAMPO FIJO DE DESCRIPCIÓN FÍSICA--INFORMACIÓN GENERAL
campo de control de longitud fija t|
008 - DATOS DE LONGITUD FIJA--INFORMACIÓN GENERAL
campo de control de longitud fija 050422s1969 sp ||||1| spa d
100 1# - ENTRADA PRINCIPAL--NOMBRE DE PERSONA
Nombre de persona López-Picó, José María.
9 (RLIN) 73889
245 10 - MENCIÓN DEL TÍTULO
Título Antología de la obra poética /
Mención de responsabilidad, etc. de José María López-Picó; (prólogo y selección Felip Cid; versión J. Pomar).
260 ## - PUBLICACIÓN, DISTRIBUCIÓN, ETC.
Lugar de publicación, distribución, etc. Barcelona :
Nombre del editor, distribuidor, etc. Polígrafa,
Fecha de publicación, distribución, etc. 1969.
300 ## - DESCRIPCIÓN FÍSICA
Extensión 161 p. ;
Dimensiones 20 cm.
490 1# - MENCIÓN DE SERIE
Mención de serie La Senda ;
Designación de volumen o secuencia v. 7
700 1# - ENTRADA AGREGADA--NOMBRE PERSONAL
Nombre de persona Cid, Felip,
Fechas asociadas al nombre 1930-2015
9 (RLIN) 38758
700 1# - ENTRADA AGREGADA--NOMBRE PERSONAL
Nombre de persona Pomar, Jaume.
9 (RLIN) 92897
830 0# - PUNTO DE ACCESO ADICIONAL DE SERIE-TÍTULO UNIFORME
Título uniforme La Senda ;
Designación de volumen o secuencia v. 7
9 (RLIN) 182917
852 ## - LOCALIZACIÓN
Ubicación ES-MaACL
Número de control de estantería C-39395
Sublocalización o colección R.72614
Holdings
Estatus retirado Estado de pérdida Estado de daño No para préstamo Biblioteca de origen Biblioteca actual Ubicación en estantería Fecha de adquisición Fuente de adquisición Total de préstamos Signatura topográfica completa Código de barras Visto por última vez Precio de reemplazo Tipo de ítem Koha
        Biblioteca del Ateneo de Madrid Biblioteca del Ateneo de Madrid Depósito 2 17/01/2008     C-39395 1098063 23/02/2023 23/02/2023 Libro impreso